| 000 | 00719 a2200253 4500 | ||
|---|---|---|---|
| 001 | 17499 | ||
| 650 |
_980475 _aWomen in literature |
||
| 650 |
_980473 _aKadınlar, Edebiyatta |
||
| 999 |
_c17499 _d4208 |
||
| 003 | TR-AnTOB | ||
| 005 | 20190408212948.0 | ||
| 008 | 041102s2001 tu tur | ||
| 020 | _a9754981574 | ||
| 041 | _atur | ||
| 050 |
_aPL220 _b.C43 2001 |
||
| 090 | _aPL220 .C43 2001 | ||
| 100 |
_aCebeci, Dilaver _99194 |
||
| 245 | 0 |
_aDivan şiirinde kadın / _cDilaver Cebeci. |
|
| 264 | 1 |
_aİstanbul : _bTürk Dünyası Araştırmaları Vakfı, _c2001 |
|
| 300 |
_a101 s. ; _c20 cm. |
||
| 500 | _aIncludes bibliographies. | ||
| 650 |
_aTurkish literature _xHistory and criticism _vCongresses _913002 |
||
| 902 | _a0008635 | ||
| 942 | _cBK | ||